000 00491nam a2200157Ia 4500
008 160316s1992 xxu||||| |||| 00| 0 eng d
082 _a374.013200
_bACH-II
100 _aAchuthan Sarla
245 _aComputer technology for higher education : A design model for a computerzing.Vol.II . The Indian experience
250 _a
260 _aNew Delhi
_bConcept Publishing Co.
_c1992
300 _a157p
_b
_c
365 _b
650 _a1.Computer Technology - Higher Education
700 _a
_a
999 _c10361
_d10361